Cost Accounting Principles and Practice (Record no. 4437)
[ view plain ]
| 000 -LEADER | |
|---|---|
| fixed length control field | 00348nam a2200145Ia 4500 |
| 008 - FIXED-LENGTH DATA ELEMENTS--GENERAL INFORMATION | |
| fixed length control field | 191201s2009 xx 000 0 und d |
| 082 ## - DEWEY DECIMAL CLASSIFICATION NUMBER | |
| Classification number | 657 |
| Item number | DOC |
| 100 ## - MAIN ENTRY--PERSONAL NAME | |
| Personal name | DUTTA,Manash |
| 245 #0 - TITLE STATEMENT | |
| Title | Cost Accounting Principles and Practice |
| 250 ## - EDITION STATEMENT | |
| Edition statement | 1st IMP |
| 260 ## - PUBLICATION, DISTRIBUTION, ETC. (IMPRINT) | |
| Place of publication, distribution, etc | N. delhi |
| Name of publisher, distributor, etc | pearson |
| Date of publication, distribution, etc | 2009 |
| 300 ## - PHYSICAL DESCRIPTION | |
| Extent | MISC |
| 650 ## - SUBJECT ADDED ENTRY--TOPICAL TERM | |
| Topical term or geographic name as entry element | BBA |
| 942 ## - ADDED ENTRY ELEMENTS (KOHA) | |
| Source of classification or shelving scheme | Dewey Decimal Classification |
| Koha item type | Text Books |
| 942 ## - ADDED ENTRY ELEMENTS (KOHA) | |
| -- | 1 |
| Withdrawn status | Lost status | Source of classification or shelving scheme | Damaged status | Not for loan | Collection code | Home library | Current library | Date acquired | Source of acquisition | Cost, normal purchase price | Bill Number | Total Checkouts | Full call number | Acc. no. / Barcode | Checked out | Date last seen | Date last borrowed | Bill Date | Koha item type | Public note |
|---|---|---|---|---|---|---|---|---|---|---|---|---|---|---|---|---|---|---|---|---|
| Dewey Decimal Classification | BBA | PIET C-LIBRARY | PIET C-LIBRARY | 23/04/2010 | J B C, New Delhi | 350.00 | SI-4892 | 1 | 657.42 DUC | 14944 | 21/07/2022 | 22/01/2022 | 22/01/2022 | 09/03/2010 | Text Books | . | ||||
| Dewey Decimal Classification | BBA | PIET C-LIBRARY | PIET C-LIBRARY | 23/04/2010 | J B C, New Delhi | 350.00 | SI-4892 | 657.42 DUC | 14945 | 04/12/2019 | 09/03/2010 | Text Books | ||||||||
| Dewey Decimal Classification | BBA | PIET C-LIBRARY | PIET C-LIBRARY | 23/04/2010 | J B C, New Delhi | 350.00 | SI-4892 | 657.42 DUC | 14946 | 04/12/2019 | 09/03/2010 | Text Books |